| 000 | 00589nam a2200205Ia 4500 | ||
|---|---|---|---|
| 005 | 20250326144426.0 | ||
| 008 | 250326s9999 xx 000 0 und d | ||
| 020 | _a0-415-99782-8 | ||
| 037 | _aTextbook | ||
| 040 |
_aFMSL _beng _cFMSL |
||
| 041 |
_aeng _2eng |
||
| 084 |
_aX8(A):8 P9 _qFMSL |
||
| 100 |
_aAfuah A _9748019 |
||
| 245 | 0 |
_aStrategic innovation : new game strategies for competitives advantage _cAfuah A |
|
| 260 |
_aLondon _bLondon, Routledge _c2009 |
||
| 300 | _axviii,482 | ||
| 365 | _b2748.0915 | ||
| 942 |
_cTB _hX8(A):8 P9 |
||
| 999 |
_c1303646 _d1303646 |
||